| 000 | 00823nas a2200265Ia 4500 | ||
|---|---|---|---|
| 001 | dg90-39625 | ||
| 003 | IT-MiCISF | ||
| 008 | 161014c99999999xx |||||||||||| ||und|| | ||
| 040 |
_aIT-MiCISF _cIT-MiCISF |
||
| 041 | _aITALIANO | ||
| 100 | _aNocella Roberta | ||
| 210 | _aLessico di diritto di famiglia | ||
| 222 | _aLessico di diritto di famiglia | ||
| 245 | 0 | _aLo sfruttamento sessuale dei minori | |
| 250 | _a1a ed. | ||
| 260 | _c1999 | ||
| 501 |
_bCISF - Centro Internazionale Studi Famiglia - Via Giotto, 36 20145 MILANO (non commercial uses only) _cCopyright 2016 |
||
| 300 | _app. 1-12 | ||
| 362 | _a n. 2 [1999] | ||
| 500 | _a Tema: abuso-sessuale, infanzia, diritto, pornografia | ||
| 650 |
_amaltrattamenti violenza _varticolo |
||
| 700 | _aAA.VV. | ||
| 942 | _cCR | ||
| 957 | _71 | ||
| 999 |
_a39625 _bSi _g1 _c219300 _d219300 |
||